000 00941nam a2200193Ia 4500
008 151119s9999||||xx |||||||||||||| ||und||
082 _a181.4
082 _bGKKV29713
100 _a"गोखले, गो सी"
245 _aश्री समर्थ सदगुरु ब्रम्हचैतन्य महाराज गोंदवलेकर यांची प्रवचने
260 _a--
260 _b-
260 _c0
600 _a"गोखले, गो सी"
630 _aश्री समर्थ सदगुरु ब्रम्हचैतन्य महाराज गोंदवलेकर यांची प्रवचने
700 _a"गोखले, गो सी"
730 _aश्री समर्थ सदगुरु ब्रम्हचैतन्य महाराज गोंदवलेकर यांची प्रवचने
942 _cBOOK
999 _c1082063
_d1082060